000 00702nam a2200217 i 4500
001 71478
003 ES-MaACL
005 20250712031714.0
007 t|
008 040811s1968 sp ||||1| spa d
100 1 _aGemelli, Agostino.
_956282
245 1 0 _aIntroducción a la Psicología /
_cA. Gemelli y G. Zunini ; [traducción por Fernando Gutiérrez ; revisada por Oliver Brachfeld].
250 _a[4ª ed.].
260 _a[Barcelona] :
_bMiracle,
_c[1968]
300 _a552 p. ;
_c22 cm.
700 1 _aGutiérrez, Fernando,
_d1911-1984
_9156260
700 1 _aOliver Brachfeld, F.
_986832
700 1 _aZunini, G.
_9118502
852 _aES-MaACL
_jC-35196
_bR.67917
999 _c71478
_d71478